MARC

LEADER 00000nam0a2200000 4500
001 55930
005 20231031052956.0
035 |a (RuTPU)RU\TPU\book\58720 
090 |a 55930 
100 |a 20030923d1979 km y0rusy50 ca 
101 1 |a rus  |c eng 
102 |a UA 
105 |a a g 001zy 
200 1 |a Справочник по проектированию электронных схем  |e пер. с англ.  |f Дж. Д. Ленк 
210 |a Киев  |c Технiка  |d 1979 
215 |a 207 с.  |c ил. 
610 1 |a электроника 
610 1 |a электронные схемы 
610 1 |a проектирование 
610 1 |a расчеты 
610 1 |a фильтры 
610 1 |a радиочастотные цепи 
610 1 |a усилители высокой точности 
610 1 |a генераторы 
610 1 |a переключающие устройства 
610 1 |a справочники 
675 |a 621.38.061(035)  |v 3 
700 1 |a Ленк  |b Дж. Д.  |g Джон Д. 
801 1 |a RU  |b 63413507  |c 20030923  |g PSBO 
801 2 |a RU  |b 63413507  |c 20150520  |g PSBO 
942 |c BK